1808 1920 1948 1692 1213 1397 1435 1436 1875 1431 1111 1523 1324 1763 1044 1095 1971 1395 1013 1894 1146 1928 1414 1550 1300 1740 1304 1439 1253 1555 1776 1149 1666 1664 1631 1907 1849 1359 1197 1552 1890 1911 1555 1821 1551 1106 1025 1072 1800 1371 1293 1209 1111 1404 1477 1808 1248 1559 1067 1612 1756 1946 1973 1473 1754 1203 1121 1188 1981 1542 1549 1824 1067 1601 1763 1754 1931 1300 1718 1676 1618 1518 1291 1973 1298 1729 1864 1645 1935 1065 1458 1216 1519 1291 1291 1708 1846 1649 1932 BCNSPRNW ULIB Ver.6.0+V

เปลี่ยนเป็นภาษาไทย

Change to English
 แสดงรายละเอียดบรรณานุกรม
  กลับหน้าหลัก

Brief Record : Get Marc (ISO 2709) : E-mail record : QR code < ปิดหน้าต่าง
LEADER : 00000nam 2200000uu 4500
001    13399121965
003     ULIB
008    020711s2549 th a 000 0 tha d
060    WM55^bส111ค
100    สุกมล วิภาวีพลกุล
245    คู่มือ Counsellor เรื่อง ธรรมชาติของจิตใจ /^cสุกมล วิภาวีพลกุล
260    กรุงเทพฯ :^bโรงพยาบาลสมเด็จเจ้าพระยา,^c2549
300    16 หน้า
650    การให้คำปรึกษา
945    ^p0^l0^i24255
999    ^aทศพร เกษรทอง
รายการนี้ยังไม่มีแท็ก
คุณยังไม่ได้ล็อกอิน คุณสามารถมีกิจกรรมร่วมกับเว็บไซต์ได้ แต่ต้องล็อกอินก่อน ::
  ล็อกอิน

รายการสื่อสารสนเทศ

ลำดับที่ ประเภท เลขเรียก/บาร์โค้ด สถานที่ สถานะ
1. วิทยาศาสตร์การแพทย์ และสุขภาพ
วิทยาศาสตร์การแพทย์ และสุขภาพ
WM55 ส111ค ฉ.1 
  Barcode: 24255
ห้องสมุดวิทยาเขตสวรรค์ประชารักษ์
►หนังสือทั่วไป
บนชั้น

รายการใกล้เคียง
    หัวเรื่อง [การให้คำปรึกษา]

BibComment


ยังไม่เคยถูกคอมเมนท์

คอมเมนท์ทรัพยากรรายการนี้
  คอมเมนท์: คู่มือ Counsellor..


 Copyright 2026. Bcnsprnw @Library